[Event "Detroit op"]
[Site "Detroit"]
[Date "2003.02.15"]
[Round "2"]
[White "Dedic, Medin"]
[Black "Daunais, Tom"]
[Result "0-1"]
[WhiteElo "772"]
[BlackElo "1146"]
[PlyCount "108"]
[EventDate "2003.02.15"]
[EventType "swiss"]
[EventRounds "4"]
[EventCountry "USA"]
[SourceTitle "EXT 2007"]
[Source "ChessBase"]
[SourceDate "2006.11.23"]
[SourceVersion "1"]
[SourceVersionDate "2006.11.23"]
[SourceQuality "1"]

1. e4 e5 2. Nf3 Nc6 3. Bb5 Nf6 4. Nc3 d6 5. 0-0 Bd7 6. d3 Be7 7. h3 Nd4 8. Bxd7+ Qxd7 9. Nxd4 exd4 10. Nd5 Nxd5 11. exd5 Qf5 12. c4 dxc3 13. bxc3 Qxd5 14. Qe2 Qe5 15. Re1 Qxe2 16. Rxe2 Kd7 17. Rb1 b6 18. Ba3 Rhe8 19. d4 d5 20. Bxe7 Rxe7 21. Rxe7+ Kxe7 22. Re1+ Kd7 23. Re3 Re8 24. Rf3 Re7 25. Rf5 Re1+ 26. Kh2 Ke6 27. Rg5 g6 28. f4 f6 29. Rg4 f5 30. Rg3 Rf1 31. Re3+ Kd6 32. Kg3 Ra1 33. Kh4 Rxa2 34. g3 h6 35. g4 fxg4 36. hxg4 a5 37. f5 gxf5 38. gxf5 Rf2 39. Kg4 a4 40. Re6+ Kd7 41. Rxh6 a3 42. Rh1 a2 43. Ra1 c5 44. Kg5 Ke7 45. Kg6 Kf8 46. c4 cxd4 47. cxd5 b5 48. d6 Ke8 49. f6 b4 50. Kg7 b3 51. Re1+ Kd7 52. f7 b2 53. Re2 Rxf7+ 54. Kxf7 b1Q 0-1